| 000 | 01242 a2200265 4500 | ||
|---|---|---|---|
| 003 | NUST | ||
| 005 | 20230116140743.0 | ||
| 010 | _a 87165818 | ||
| 020 | _a0822020025 (pbk.) : | ||
| 040 | _cNust | ||
| 082 | 0 | 0 | _a378.1662,BOB |
| 100 | 1 |
_aBobrow, Jerry. _9106884 |
|
| 245 | 1 | 0 |
_aPreliminary Scholastic Aptitude Test and National Merit Scholarship Qualifying Test (NMSQT) : _bpreparation guide / _cby Jerry Bobrow and William A. Covino ; contributing authors, Bernard V. Zandy, Bill Bobrow ; consultants, Peter Z. Orton, Merritt L. Weisinger, David A. Kay. |
| 260 |
_aLincoln, Neb. : _bCliffs Notes Inc., _cc1986. |
||
| 300 |
_avi, 99 p. : _bill. ; _c21 cm. |
||
| 505 | _aPart-1: Introduction (Page-3) Part-2: Analysis of Exam Areas (Page-11), Part-3: Practice –Review –Analyze (Page-45). | ||
| 650 | 0 |
_aNational Merit Scholarship Qualifying Test _9106885 |
|
| 650 | 0 |
_aNational Merit Scholarship Qualifying Test _9106885 |
|
| 650 | 0 |
_aPSAT (Educational test) _9106886 |
|
| 650 | 0 |
_aPSAT (Educational test) _9106886 |
|
| 700 | 1 |
_aCovino, William A. _9106887 |
|
| 740 | 0 | _aCliffs PSAT preparation guide and National Merit Scholarship Qualifying Test. | |
| 740 | 0 | _aCliffs PSAT/NMSQT preparation. | |
| 942 |
_2ddc _cBK _k378.1662,BOB |
||
| 999 |
_c194264 _d194264 |
||